A minha primeira biblioteca (Registo nº 4314)

Detalhes MARC
000 -Etiqueta do registo
Cabeçalho 00628cam a2200229 4500
005 - Identificador da versão
Campo de controlo 20240813122058.0
095 ## -
-- PTBN00957047
010 ## - Número internacional normalizado dos livros (ISBN)
Número (ISBN) 9727300804
100 ## - Dados gerais de processamento
Dados gerais de processamento 19970311d1996 k y0pory5003 ba
102 ## - Pais de publicação ou produção
País de publicação Portugal
101 1# - Língua de publicação
Língua do texto, banda sonora, etc. Português
215 ## - Descrição física 
Indicação específica da natureza do documento e extensão da espécie 87 p.
Outras indicações físicas il. color.
Dimensões 31 cm
200 1# - Titulo e menção de responsabilidade
Título próprio A minha primeira biblioteca
Primeira menção de responsabilidade ed. Rogério Moreira
Outras menções de responsabilidade trad. Cristina Soeiro
210 ## - Publicação, Distribuição, etc. 
Lugar da edição, distribuição, etc. S. Joäo do Estoril
Nome do editor, distribuidor, etc. Marus
Data da publicação, distribuição, etc. cop. 1996
675 ## - Classificação Decimal Universal (CDU)
Notação 30
Edição med
Língua da edição por
702 #1 - Nome de autor-pessoa física (responsabilidade secundária)
Número de registo de entrada de autoridade 0000665
Palavra de ordem Moreira
Outra parte do nome não tomada para palavra de ordem Rogério
Código de função Editor literário / Coordenador
Número de registo de entrada de autoridade 0000663
Palavra de ordem Soeiro
Outra parte do nome não tomada para palavra de ordem Cristina
Código de função Tradutor
942 ## - Elementos de entrada adicionados (Koha)
Tipo de item no Koha Livro
Exemplares
Situação do levantamento Origin of item (home branch) (coded) Biblioteca de empréstimo Código de barras Cota Circulation type (not for loan) Tipo de documento Nota do exemplar Damaged status
  Biblioteca Escolar das Vendas Biblioteca Escolar das Vendas BEV1221 5 INI   Livro Sem mensagem